000 00585nam a22001817a 4500
005 20230920153601.0
010 _aENG-134981
020 _a9789352873791
_c495.00
035 _aEN-118513
037 _bDBAD/PUB
082 _a664
100 _aMathur, Pulkit
_957146
245 _aFood Safety And Quality Control/
_cBy Pulkit Mathur
260 _aHyderabad
_bOrient Balckswan Private Limited
_c2018
270 _a3-6-752 Himayatnagar
_bHyderabad
_e500029
_mcentraloffice@orientblackswan.com
300 _axvii, 303p.
_bIndex
_c24cm(pbk)
942 _2ddc
_cEN
_h664
_mMAT
999 _c192001
_d192001